Giáo trình hàm phức
Mục tiêu của môn học là giúp sinh viên nắm được những kiến thức về trường số phức, các vấn đề về hàm biến phức, tích phân phức và lí thuyết thặng dư.
Spremljeno u:
| Glavni autor: | |
|---|---|
| Format: | Knjiga |
| Jezik: | Undetermined |
| Izdano: |
Cần Thơ
Đại học Cần Thơ
2010
|
| Teme: | |
| Oznake: |
Dodaj oznaku
Bez oznaka, Budi prvi tko označuje ovaj zapis!
|
| Thư viện lưu trữ: | Trung tâm Học liệu Trường Đại học Cần Thơ |
|---|
| LEADER | 00798nam a2200193Ia 4500 | ||
|---|---|---|---|
| 001 | CTU_155567 | ||
| 008 | 210402s9999 xx 000 0 und d | ||
| 082 | |a 515.9 | ||
| 082 | |b Kh107 | ||
| 100 | |a Phạm, Gia Khánh | ||
| 245 | 0 | |a Giáo trình hàm phức | |
| 245 | 0 | |c Phạm Gia Khánh | |
| 260 | |a Cần Thơ | ||
| 260 | |b Đại học Cần Thơ | ||
| 260 | |c 2010 | ||
| 520 | |a Mục tiêu của môn học là giúp sinh viên nắm được những kiến thức về trường số phức, các vấn đề về hàm biến phức, tích phân phức và lí thuyết thặng dư. | ||
| 650 | |a Function of a Complex Variable,Hàm phức | ||
| 904 | |i QHieu | ||
| 980 | |a Trung tâm Học liệu Trường Đại học Cần Thơ | ||